Loading...
| Literature - European | 0 | 6 | 2 | 0 | 50 | 46 | 84.67 | 0 | 2 | 0.00 | 0.00 |
| Mythology | 0 | 4 | 1 | 0 | 35 | 58 | 63.75 | 1 | 3 | 0.00 | 0.00 |
| Literature - World | 0 | 4 | 1 | 0 | 35 | 49 | 86.00 | 2 | 2 | 0.00 | 0.00 |
| Literature - British | 0 | 3 | 0 | 0 | 30 | 17 | 59.33 | 1 | 1 | 0.00 | 0.00 |
| Literature - American | 0 | 3 | 0 | 0 | 30 | 84 | 103.67 | 0 | 0 | 0.00 | 0.00 |
| History - Other | 0 | 2 | 0 | 0 | 20 | 21 | 26.50 | 2 | 2 | 0.00 | 0.00 |
| Science - Biology | 0 | 2 | 0 | 0 | 20 | 45 | 52.50 | 0 | 2 | 0.00 | 0.00 |
| Social Science | 0 | 2 | 1 | 1 | 15 | 60 | 84.50 | 0 | 1 | 0.00 | 0.00 |
| Religion | 0 | 2 | 1 | 0 | 15 | 60 | 60.00 | 1 | 1 | 0.00 | 0.00 |
| Fine Arts - Classical Music | 0 | 3 | 3 | 0 | 15 | 44 | 67.67 | 1 | 1 | 0.00 | 0.00 |
| Philosophy | 0 | 1 | 0 | 0 | 10 | 51 | 51.00 | 0 | 0 | 0.00 | 0.00 |
| History - World | 0 | 1 | 0 | 0 | 10 | 45 | 45.00 | 1 | 1 | 0.00 | 0.00 |
| Popular Culture | 0 | 1 | 0 | 0 | 10 | 58 | 58.00 | 0 | 0 | 0.00 | 0.00 |
| Science - Other | 0 | 1 | 0 | 0 | 10 | 42 | 42.00 | 1 | 1 | 0.00 | 0.00 |
| Fine Arts - Other | 0 | 1 | 2 | 0 | 0 | 75 | 75.00 | 1 | 1 | 0.00 | 0.00 |
| History - European | 0 | 0 | 1 | 0 | -5 | 0.00 | 0 | 0 | 0.00 | 0.00 | |
| Science - Chemistry | 0 | 0 | 1 | 0 | -5 | 0.00 | 0 | 0 | 0.00 | 0.00 | |
| Fine Arts - Painting and Sculpture | 0 | 0 | 2 | 0 | -10 | 0.00 | 0 | 0 | 0.00 | 0.00 |